|
|
|
|
| LEADER |
00000nam0a2200000 4500 |
| 001 |
121378 |
| 005 |
20231101215656.0 |
| 020 |
|
|
|a RU
|b 86-44056
|
| 035 |
|
|
|a (RuTPU)RU\TPU\book\131456
|
| 090 |
|
|
|a 121378
|
| 100 |
|
|
|a 20070913d1986 m y0rusy5003 ca
|
| 101 |
0 |
|
|a rus
|
| 102 |
|
|
|a RU
|
| 105 |
|
|
|a a z 000ay
|
| 200 |
1 |
|
|a Нравы Растеряевой улицы
|e очерки
|e рассказы
|f Г. И. Успенский
|g авт. предисл. М. С. Горячкина ; худож. Н. Г. Раковская
|
| 210 |
|
|
|a Москва
|c Правда
|d 1986
|
| 215 |
|
|
|a 478,[1] с.
|c ил.
|d 21 см
|
| 464 |
|
|
|t Нравы Растеряевой улицы; Разоренье: Очерки провинциальной жизни; Крестьянин и крестьянский труд; Пришло на память; Бог грехам терпит
|
| 610 |
1 |
|
|a русская литература
|
| 610 |
1 |
|
|a очерки
|
| 610 |
1 |
|
|a рассказы
|
| 675 |
|
|
|a Р1
|z rus
|
| 700 |
|
1 |
|a Успенский
|b Г. И.
|c русский писатель
|f 1843-1902
|g Глеб Иванович
|2 stltpush
|3 (RuTPU)RU\TPU\pers\20188
|9 8034
|
| 702 |
|
1 |
|a Горячкина
|b М. С.
|4 080
|
| 702 |
|
1 |
|a Раковская
|b Н. Г.
|4 440
|
| 801 |
|
0 |
|a RU
|b RuMRKP
|c 19950704
|g psbo
|
| 801 |
|
1 |
|a RU
|b 63413507
|c 20070913
|g PSBO
|
| 801 |
|
2 |
|a RU
|b 63413507
|c 20180925
|g PSBO
|
| 942 |
|
|
|c BK
|